00487nam a2200193 a 4500001001300000003000900013005001700022008004100039020000800080082001300088100002500101245004100126260003200167300000900199500003500208505001000243650001500253700002500268nice12345678IN_TiNIC20260116011257.0050524s1962 bosa grp 000 0 eng  ac000a190bHOF aHofsdtadter, Richard aSocial Darwinism in American Thought aBostonbBeacon Press c1962 a248p aincludes index and biblioraphy2 aIndex aLiberalism1 aHofsdtadter, Richard